Cumul des lettres des départements français - Statistiques

Statistiques générales
  • Ce quiz a été pris 46 fois
  • Le résultat moyen est 2 sur 19
Statistiques - réponses
Nombre Lettre % Correct
168 E
100%
79 A
86%
76 R
37%
68 N
6%
56 I
3%
37 L / U
3%
55 O
3%
53 S
3%
49 T
3%
6 B
0%
18 C
0%
29 D
0%
2 F / Z
0%
11 G / P
0%
25 H / M
0%
1 J / X
0%
3 Q
0%
17 V
0%
10 Y
0%
Aucun quiz correspondant
Distribution des résultats
% des personnes avec chaque résultat
Percentile par nombre de réponses
Votre historique - résultats
Vous n’avez pas pris ce quiz